Elements Of Workshop Technical Book Servicesnology (Record no. 301656)

MARC details
000 -LEADER
fixed length control field 00495nam a2200169Ia 4500
008 - FIXED-LENGTH DATA ELEMENTS--GENERAL INFORMATION
fixed length control field 230718s9999 xx 000 0 und d
041 ## - LANGUAGE CODE
Language code of text/sound track or separate title eng
082 ## - DEWEY DECIMAL CLASSIFICATION NUMBER
Classification number 621.7
Item number CHO
100 ## - MAIN ENTRY--PERSONAL NAME
Personal name Choudhary S.K.H.
245 ## - TITLE STATEMENT
Title Elements Of Workshop Technical Book Servicesnology
Remainder of title Vol.I: Manufacturing Processes
250 ## - EDITION STATEMENT
Edition statement 10th ed.
260 ## - PUBLICATION, DISTRIBUTION, ETC. (IMPRINT)
Date of publication, distribution, etc. 1993
Name of publisher, distributor, etc. Media Promoters & Publishers
300 ## - PHYSICAL DESCRIPTION
Extent 540
365 ## - TRADE PRICE
Currency code Rs.
Price amount 105.00
700 ## - ADDED ENTRY--PERSONAL NAME
Personal name Choudhary S.K.H. & Choudhary A.K.H.
906 ## - LOCAL DATA ELEMENT F, LDF (RLIN)
c ALLIED
b 15.75
Holdings
Withdrawn status Lost status Damaged status Not for loan Home library Current library Date acquired Vendor Budget Code Cost, normal purchase price Bill number Total Checkouts Full call number Barcode Date last seen Discount Cost, replacement price Bill Date Koha item type Original Barcode
        Cummins College of Engineering for Women Pune Cummins College of Engineering for Women Pune 01/06/2001 Masurkar Enterprises ALLIED 89.25 1177   621.7 CCEP-BK-12862 18/07/2023 15.75 105.00 25/05/2001 Books 012862